000 01327nam a22002537a 4500
003 OSt
005 20210218130526.0
008 210218s2006 ck ad||gr|||| 00| 0dspa d
020 _a9789589285718
040 _aCO-JMCR
_cCO-JMCR
041 0 _aspa
082 0 4 _a338.9861 /
_bL159p
_223
100 1 _aLafaurie Rivera, José Félix,
_eautor
_99611
245 1 0 _aPosconflicto y desarrollo :
_binversiones sustitutivas de impuestos : una propuesta de inclusión y desarrollo rural /
_cJosé Félix Lafaurie Rivera
260 _aBogotá :
_bKonrad Adenauer Stiftung,
_c2006
300 _a495 páginas :
_bilustraciones y gráficos a blanco y negro ;
_c24 cm.
500 _aIncluye notas a pie de página y datos biográficos del autor.
505 0 _aEl sesgo anti-rural de los modelos de desarrollo -- Indicadores sociales del sector rural -- La destrucción de la institucionalidad y la civilidad -- La política de seguridad democrática -- Más allá de las armas -- De la inequidad a una visión rural 2019 -- La propuesta: inversiones sustitutivas de impuestos
650 1 4 _aAgricultura
_xaspectos económicos
_zColombia
_97065
650 2 4 _aReforma agraria
_zColombia
_913644
650 2 4 _aCampesinos
_xcondiciones sociales
_zColombia
_97085
650 2 4 _aPolítica y gobierno
_y2000-2006
_zColombia
_913645
942 _2ddc
_cBK
999 _c7240
_d7240